000 02600nam a2200661 a 4500
005 20240424134609.0
008 100823s2013||||sp il. f |||| 00| 0 spa d
020 _a9788415684015
041 _aspa
092 _c618.1
_l6
_sBER
100 1 _aBerek, Jonathan S.
_997
245 _aBerek y Novak.
_bGinecología /
_cJonathan S. Berek
250 _a15a ed. en español de la obra original en lengua inglesa /
_bTraducción Diana Jiménez González y Jana Angelina López Félix
260 _aBarcelona:
_bWolters Kluwer ; Lippincott Williams y Wilkins;
_c2013.
300 _a1539 p.
500 _aBerek, J. S. (2013). Berek y Novak. Ginecología. (15a ed.). Barcelona : Wolters Kluwer ; Lippincott Williams y Wilkins.
653 _aValoración inicial y comunicación
653 _aPrincipios de la atención al paciente
653 _aSeguridad y calidad
653 _aInvestigación clínica
653 _aAnatomía y embriología
653 _aBiología molecular y genética
653 _aFisiología reproductiva
653 _aCuidados preventivos y cribado
653 _aAtención primaria en ginecología
653 _aPlaneación familiar
653 _aSexualidad, trastornos sexuales y violencia sexual
653 _aTrastornos psiquiátricos habituales
653 _aMedicina complementaria y alternativa
653 _aEnfermedades benignas del aparato reproductor femenino
653 _aMiomas uterinos
653 _aDolor pélvico y dismenorrea
653 _aEndometriosis
653 _aInfecciones urogenitales y enfermedaes de transmisión sexual
653 _aEnfermedad intraepitelial del cuello uterino, la vagina y la vulva
653 _aAborto precoz y embarazo ectópico
653 _aEnfermedad benigna de la mama
653 _aEvaluación preoperatoria y cuidados postoperatorios
653 _aEndoscopía ginecológica
653 _aHisterectomía
653 _aCirugía robótica
653 _aTrastornos de las vías urinarias inferiores
653 _aProlapso genital
653 _aDisfunción anorrectal
653 _aPubertad
653 _aAmenorrea
653 _aAlteraciones endocrinas
653 _aEsterilidad y técnicas de reproducción asistida
653 _aAborto a repetición
653 _aMenopausia
653 _aCáncer de útero
653 _aCáncer de cuello uterino y de vagina
653 _aCáncer de ovario, de trompas uterinas y peritoneal
653 _aCáncer vulvar
653 _aEnfermedad trofoblástica gestacional
653 _aCáncer de mama
942 _2ddc
_cBK
999 _c1594
_d1594